Joseph : (Record no. 21604)

MARC details
000 -LEADER
fixed length control field 01442cam a2200373 a 4500
001 - CONTROL NUMBER
control field 4981048
003 - CONTROL NUMBER IDENTIFIER
control field OSt
005 - DATE AND TIME OF LATEST TRANSACTION
control field 20260414161530.0
008 - FIXED-LENGTH DATA ELEMENTS--GENERAL INFORMATION
fixed length control field 980701s1998 tnu b 000 0beng
010 ## - LIBRARY OF CONGRESS CONTROL NUMBER
LC control number 98034882
020 ## - INTERNATIONAL STANDARD BOOK NUMBER
International Standard Book Number 1579720757
035 ## - SYSTEM CONTROL NUMBER
System control number 4981048
040 ## - CATALOGING SOURCE
Original cataloging agency DLC
Transcribing agency DLC
Modifying agency DLC
050 00 - LIBRARY OF CONGRESS CALL NUMBER
Classification number BS580.J6
Item number S96 1998
082 00 - DEWEY DECIMAL CLASSIFICATION NUMBER
Classification number 222/.11092
Edition number 21
100 1# - MAIN ENTRY--PERSONAL NAME
Personal name Swindoll, Charles R.
245 10 - TITLE STATEMENT
Title Joseph :
Remainder of title a man of integrity and forgiveness : profiles in character /
Statement of responsibility, etc. from Charles R. Swindoll.
260 ## - PUBLICATION, DISTRIBUTION, ETC. (IMPRINT)
Place of publication, distribution, etc. Nashville, Tenn. :
Name of publisher, distributor, etc. Word Pub.,
Date of publication, distribution, etc. c1998.
300 ## - PHYSICAL DESCRIPTION
Extent xi, 218 p. ;
Dimensions 25 cm.
336 ## - CONTENT TYPE
Content type term text
Content type code txt
Source rdacontent
337 ## - MEDIA TYPE
Media type term unmediated
Media type code n
Source rdamedia
338 ## - CARRIER TYPE
Carrier type term volume
Carrier type code nc
Source rdacarrier
490 1# - SERIES STATEMENT
Series statement Great lives from God's Word ;
Volume/sequential designation v. 3
504 ## - BIBLIOGRAPHY, ETC. NOTE
Bibliography, etc Includes bibliographical references (p. 213-218).
600 00 - SUBJECT ADDED ENTRY--PERSONAL NAME
Personal name Joseph
Titles and other words associated with a name (Son of Jacob)
650 #0 - SUBJECT ADDED ENTRY--TOPICAL TERM
Topical term or geographic name as entry element Patriarchs (Bible)
Form subdivision Biography.
655 #7 - INDEX TERM--GENRE/FORM
Genre/form data or focus term Biographies.
Source of term lcgft
Authority record control number https://id.loc.gov/authorities/genreForms/gf2014026049
800 1# - SERIES ADDED ENTRY--PERSONAL NAME
Personal name Swindoll, Charles R.
Title of a work Great lives from God's Word ;
Volume/sequential designation v. 3.
856 42 - ELECTRONIC LOCATION AND ACCESS
Materials specified Publisher description
Uniform Resource Identifier <a href="http://www.loc.gov/catdir/enhancements/fy0609/98034882-d.html">http://www.loc.gov/catdir/enhancements/fy0609/98034882-d.html</a>
906 ## - LOCAL DATA ELEMENT F, LDF (RLIN)
a 7
b cbc
c orignew
d 1
e ocip
f 19
g y-gencatlg
942 ## - ADDED ENTRY ELEMENTS (KOHA)
Source of classification or shelving scheme Library of Congress Classification
Koha item type General Collection
Holdings
Withdrawn status Lost status Source of classification or shelving scheme Not for loan Home library Current library Shelving location Date acquired Source of acquisition Inventory number Total Checkouts Full call number Barcode Date last seen Copy number Price effective from Koha item type
    Library of Congress Classification   Kabarak, Main Campus Kabarak, Main Campus General Stacks 14/04/2026 Donation 2025/2801   BS580.J6 S96 1998 C.1 39878 14/04/2026 C.1 14/04/2026 General Collection
Designed with assistance from East African Informatics Ltd